Statistiques concernant Prénom d'écrivains

Cliquez ici pour prendre le quiz!

Statistiques générales

  • Ce quiz a été pris 899 fois
  • Le résultat moyen est 27 sur 64

Statistiques - réponses

HintRéponse% Correct
CamusAlbert
95%
HugoVictor
94%
DickensCharles
90%
ShakespeareWilliam
90%
SandGeorge
89%
PagnolMarcel
89%
AppolinaireGuillaume
88%
RimbaudArthur
87%
WildeOscar
85%
ProustMarcel
82%
RousseauJean Jacques
81%
VerlainePaul
78%
AragonLouis
77%
HemingwayErnest
75%
RacineJean
75%
OrwellGeorge
68%
PoeEdgar Allan
66%
BeckettSamuel
65%
LondonJack
64%
IonescoEugen
61%
TwainMark
60%
NerudaPablo
60%
PéguyCharles
58%
GautierThéophile
58%
RabelaisFrancois
56%
de NervalGérard
54%
TolstoiLev
54%
KafkaFranz
52%
MallarméStéphane
42%
KerouacJack
39%
MannThomas
39%
HuxleyAldous
36%
AlighieriDante
36%
de CervantesMiguel
36%
TchekhovAnton
35%
JoyceJames
35%
SoljenitsyneAlexandre
32%
BuzzatiDino
31%
de ChateaubriandFrancois-Rene
31%
de la BoétieEtienne
27%
StokerBram
26%
GogolNikolai
25%
Garcia LorcaFederico
23%
AndersenHans Christian
23%
VerhaerenEmile
22%
PouchkineAlexandre
20%
MoraviaAlberto
15%
BloyLéon
14%
BoulgakovMikhail
11%
IbsenHenrik
9%
MusilRobert
9%
GoetheJohann Wolfgang
8%
StrindbergAugust
7%
ThoreauDavid Henry
7%
HamsunKnut
7%
MickiewiczAdam
5%
von SchillerFriedrich
5%
von KleistHeinrich
5%
HölderlinFriedrich
4%
HasekJaroslav
3%
EvolaJulius
3%
BotevKhristo
3%
von Sacher-MazochLéopold
3%
EminescuMihai
3%

Distribution des résultats

Percentile par nombre de réponses

% des personnes avec chaque résultat

Votre développement - résultats

Vous n’avez pas pris ce quiz